000
00220nam a22000857a 4500
008
160715b xxu||||| |||| 00| 0 eng d
100
_9
2875
_a
Goscinny R
245
_a
Asterix in Britain
260
_a
USA
_b
Orion Publication
_c
2004
999
_c
2448
_d
2448